| Tag |
First Indicator |
Second Indicator |
Subfields |
| LEADER |
00000cam a2200000 a 4500 |
| 001 |
in00000090992 |
| 005 |
20151008063845.0 |
| 008 |
791012s1970 ja a 00010 jpnm |
| 010 |
|
|
|a 79413513
|
| 015 |
|
|
|a Ja***
|
| 020 |
|
|
|c Y2000
|
| 035 |
|
|
|a (OCoLC)01917196
|
| 035 |
|
|
|9 AAK3059AM
|
| 040 |
|
|
|a DLC
|c DLC
|d m.c.
|d TXA
|d UtOrBLW
|
| 043 |
|
|
|a n-us-wi
|
| 049 |
|
|
|a TXAM
|c [1672374]
|
| 050 |
0 |
0 |
|a NA737.W7
|b A4 1970
|
| 082 |
0 |
|
|a 725/.23
|
| 100 |
1 |
|
|a Wright, Frank Lloyd,
|d 1867-1959.
|
| 245 |
1 |
0 |
|a Johnson & Son, Administration Building and Research Tower, Racine, Wisconsin, 1936-9 /
|c Frank Lloyd Wright ; edited and photographed by Yukio Futagawa ; text by Arata Isozaki.
|
| 264 |
|
1 |
|a Tokyo :
|b A.D.A. EDITA,
|c 1970.
|
| 300 |
|
|
|a 40 pages, 8 unnumbered pages :
|b chiefly illustrations (some color) ;
|c 37 cm.
|
| 336 |
|
|
|a text
|b txt
|2 rdacontent
|
| 337 |
|
|
|a unmediated
|b n
|2 rdamedia
|
| 338 |
|
|
|a volume
|b nc
|2 rdacarrier
|
| 490 |
1 |
|
|a Global architecture ;
|v 1
|
| 500 |
|
|
|a Additional text (4p.) : Frank Lloyd Wright's view of space / by Arata Isozaki, tipped in.
|
| 500 |
|
|
|a Title also in Japanese.
|
| 500 |
|
|
|a Text in Japanese.
|
| 600 |
1 |
0 |
|a Wright, Frank Lloyd,
|d 1867-1959.
|
| 610 |
2 |
0 |
|a Johnson Wax Building (Racine, Wis.)
|
| 700 |
1 |
|
|a Futagawa, Yukio,
|d 1932-2013.
|
| 700 |
1 |
|
|a Isozaki, Arata.
|
| 830 |
|
0 |
|a Global architecture ;
|v 1.
|
| 999 |
|
|
|a MARS
|
| 999 |
f |
f |
|s 73d6ad7a-cd32-391f-9762-2cdfe6795730
|i 818d5906-096e-3bcb-a3d0-a3a38a47cf7f
|t 0
|
| 952 |
f |
f |
|p ric
|a Texas A&M University
|b Rellis Campus
|c Joint Library Facility
|d Remote Storage
|t 0
|e NA737.W7 A4 1970
|f Oversize
|h Library of Congress classification
|i unmediated -- volume
|m A14807203876
|
| 998 |
f |
f |
|a NA737.W7 A4 1970
|t 0
|l Remote Storage
|